[Event "Arco op 44th"]
[Site "Arco"]
[Date "2022.10.16"]
[Round "9"]
[White "Beyeler, Lilo"]
[Black "Mueller, Markus2222"]
[Result "1/2-1/2"]
[WhiteElo "1509"]
[BlackElo "1718"]
[PlyCount "40"]
[EventDate "2022.10.08"]
[EventType "swiss"]
[EventRounds "9"]
[EventCountry "ITA"]
[SourceTitle "CBM 210 Extra"]
[Source "ChessBase"]
[SourceDate "2022.11.30"]
[SourceVersion "1"]
[SourceVersionDate "2022.11.30"]
[SourceQuality "1"]

1. d4 d5 2. c4 dxc4 3. e3 Nf6 4. Bxc4 e6 5. Nf3 Bb4+ 6. Bd2 Bxd2+ 7. Nbxd2 0-0 8. 0-0 Nbd7 9. Qc2 Nb6 10. Bd3 g6 11. Rac1 Nbd5 12. a3 c6 13. b4 Bd7 14. Ne5 Ne7 15. Nb3 Rb8 16. Nc5 Be8 17. Qd2 Nd7 18. Nexd7 Bxd7 19. Rc2 Be8 20. Rb1 Nd5 1/2-1/2

[Event "Arco op 43rd"]
[Site "Arco"]
[Date "2021.10.11"]
[Round "3"]
[White "Bruessow, Jakob"]
[Black "Beyeler, Lilo"]
[Result "1/2-1/2"]
[WhiteElo "1763"]
[BlackElo "1482"]
[PlyCount "53"]
[EventDate "2021.10.09"]
[EventType "swiss"]
[EventRounds "9"]
[EventCountry "ITA"]
[SourceTitle "CBM 204 Extra"]
[Source "ChessBase"]
[SourceDate "2021.11.30"]
[SourceVersion "1"]
[SourceVersionDate "2021.11.30"]
[SourceQuality "1"]

1. e4 c5 2. Nf3 d6 3. d4 cxd4 4. Nxd4 Nf6 5. Nc3 g6 6. Be3 Bg7 7. f3 Nc6 8. Qd2 0-0 9. g4 Nxd4 10. Bxd4 Be6 11. Nd5 Bxd5 12. exd5 Qc7 13. h4 Rfc8 14. Rh2 a5 15. a4 h5 16. gxh5 Nxh5 17. Bxg7 Kxg7 18. Bh3 Rh8 19. Qd4+ Nf6 20. Bg4 Qc5 21. 0-0-0 Qxd4 22. Rxd4 Rh6 23. Bh3 Rah8 24. Bf1 g5 25. Rg2 Rxh4 26. Rxg5+ Kf8 27. f4 1/2-1/2

[Event "Wch FIDE Online U14 Girls Europe qual"]
[Site "Tornelo INT"]
[Date "2020.12.08"]
[Round "3"]
[White "Beyeler, Lilo"]
[Black "Lobo Pereira, Arami"]
[Result "0-1"]
[WhiteElo "1522"]
[BlackElo "1568"]
[PlyCount "90"]
[EventDate "2020.12.07"]
[EventType "swiss (rapid)"]
[EventRounds "7"]
[EventCountry "ISS"]
[SourceTitle "EXT 2022"]
[Source "ChessBase"]
[SourceDate "2021.10.06"]
[SourceVersion "1"]
[SourceVersionDate "2021.10.06"]
[SourceQuality "1"]

1. e4 e6 2. d4 d5 3. Nc3 Bb4 4. Bd3 Nf6 5. e5 Nfd7 6. Nf3 c5 7. 0-0 a6 8. Ne2 Nc6 9. c3 Ba5 10. Bg5 Qc7 11. Bf4 cxd4 12. cxd4 Nf8 13. Rc1 Ng6 14. Bg3 Bd7 15. h3 0-0 16. a3 Bb6 17. Bb1 Qd8 18. Qd3 Na5 19. Qd1 Nc4 20. Qc2 Rc8 21. Qb3 Na5 22. Qd1 Rxc1 23. Qxc1 Qc8 24. Qd2 Nc4 25. Qg5 Bd8 26. Qg4 f5 27. Qh5 Be8 28. Ng5 h6 29. Nf3 Nf4 30. Qh4 Bxh4 31. Bxf4 Be7 32. Ng3 g5 33. Bc1 Bg6 34. b3 Nb6 35. Bb2 Kh7 36. Rc1 Qd7 37. Nd2 Rc8 38. Nf3 Rxc1+ 39. Bxc1 Qc6 40. Bxg5 hxg5 41. Nxg5+ Bxg5 42. Nxf5 exf5 43. Bxf5 Bxf5 44. b4 Bf4 45. h4 Qc1# 0-1

[Event "EU-ch Online U14 Girls"]
[Site "Tornelo INT"]
[Date "2020.09.20"]
[Round "9"]
[White "Beyeler, Lilo"]
[Black "Lusheska, Elena"]
[Result "1-0"]
[WhiteElo "1522"]
[BlackElo "1086"]
[PlyCount "43"]
[EventDate "2020.09.18"]
[EventType "swiss (rapid)"]
[EventRounds "9"]
[EventCountry "NET"]
[SourceTitle "EXT 2023"]
[Source "ChessBase"]
[SourceDate "2022.10.05"]
[SourceVersion "1"]
[SourceVersionDate "2022.10.05"]
[SourceQuality "1"]
[WhiteTeam "Schweiz"]
[BlackTeam "Macedonia"]
[WhiteTeamCountry "SUI"]
[BlackTeamCountry "MKD"]

1. e4 c6 2. d4 d5 3. Nc3 dxe4 4. Nxe4 Bf5 5. Nc3 Nf6 6. Nf3 e6 7. Bd3 Bg4 8. 0-0 Bxf3 9. Qxf3 Qxd4 10. Be3 Qg4 11. Be2 Qxf3 12. Bxf3 Be7 13. Nb5 Nbd7 14. Nc7+ Kd8 15. Nxa8 Kc8 16. Bf4 e5 17. Bg3 Kb8 18. Rfe1 Bd6 19. Rad1 Ne8 20. Bxe5 Nxe5 21. Rxe5 Bxe5 22. Rd8# 1-0

[Event "EU-ch Online U14 Girls"]
[Site "Tornelo INT"]
[Date "2020.09.18"]
[Round "1"]
[White "Beyeler, Lilo"]
[Black "Feng, Jennifer"]
[Result "0-1"]
[WhiteElo "1522"]
[BlackElo "1097"]
[PlyCount "56"]
[EventDate "2020.09.18"]
[EventType "swiss (rapid)"]
[EventRounds "9"]
[EventCountry "NET"]
[SourceTitle "EXT 2023"]
[Source "ChessBase"]
[SourceDate "2022.10.05"]
[SourceVersion "1"]
[SourceVersionDate "2022.10.05"]
[SourceQuality "1"]
[WhiteTeam "Schweiz"]
[BlackTeam "Schottland"]
[WhiteTeamCountry "SUI"]
[BlackTeamCountry "SCO"]

1. e4 e6 2. d4 d5 3. Nc3 Nf6 4. Bd3 Bb4 5. exd5 Nxd5 6. Bd2 Nxc3 7. bxc3 Ba3 8. Nf3 Nc6 9. 0-0 b6 10. h3 Bb7 11. Re1 0-0 12. Ng5 h6 13. Qh5 Ne7 14. Nf3 Bxf3 15. Qxf3 Ng6 16. Qh5 Qf6 17. Re3 Nf4 18. Qg4 Nxd3 19. Rxd3 Bd6 20. Re1 Rae8 21. Re4 Qg6 22. Qe2 f5 23. Rh4 a6 24. c4 Re7 25. c5 bxc5 26. dxc5 Bxc5 27. Rg3 Qxg3 28. Rc4 Qd6 0-1